Journal conciliaire de Monseigneur Émile Blanchet (notice n° 1583315)
[ vue normale ]
| 000 -LEADER | |
|---|---|
| fixed length control field | 01113cam a2200193 4500500 |
| 005 - DATE AND TIME OF LATEST TRANSACTION | |
| control field | 20251228052323.0 |
| 041 ## - LANGUAGE CODE | |
| Language code of text/sound track or separate title | fre |
| 042 ## - AUTHENTICATION CODE | |
| Authentication code | dc |
| 100 10 - MAIN ENTRY--PERSONAL NAME | |
| Personal name | Villemin, Laurent |
| Relator term | author |
| 245 00 - TITLE STATEMENT | |
| Title | Journal conciliaire de Monseigneur Émile Blanchet |
| 260 ## - PUBLICATION, DISTRIBUTION, ETC. | |
| Date of publication, distribution, etc. | 2012.<br/> |
| 500 ## - GENERAL NOTE | |
| General note | 52 |
| 520 ## - SUMMARY, ETC. | |
| Summary, etc. | RésuméMgr Émile Blanchet (1886-1967), recteur de l’Institut Catholique de Paris en 1962, participe au Concile Vatican II. Arrivé à Rome le 9 octobre 1962 avec l’ensemble des pères conciliaires français, il entreprend la rédaction d’un journal tenu quotidiennement durant les sessions conciliaires, rédigé dans huit cahiers conservés aux Archives de l’Institut Catholique de Paris. La relation de la première session, qui se tient du 11 octobre au 8 décembre 1962, est présentée dans cet article. |
| 690 ## - LOCAL SUBJECT ADDED ENTRY--TOPICAL TERM (OCLC, RLIN) | |
| Topical term or geographic name as entry element | concile Vatican II |
| 690 ## - LOCAL SUBJECT ADDED ENTRY--TOPICAL TERM (OCLC, RLIN) | |
| Topical term or geographic name as entry element | Monseigneur Blanchet |
| 690 ## - LOCAL SUBJECT ADDED ENTRY--TOPICAL TERM (OCLC, RLIN) | |
| Topical term or geographic name as entry element | pères conciliaires |
| 786 0# - DATA SOURCE ENTRY | |
| Note | Transversalités | 121 | 1 | 2012-03-01 | p. 13-102 | 1286-9449 |
| 856 41 - ELECTRONIC LOCATION AND ACCESS | |
| Uniform Resource Identifier | <a href="https://shs.cairn.info/revue-transversalites-2012-1-page-13?lang=fr&redirect-ssocas=7080">https://shs.cairn.info/revue-transversalites-2012-1-page-13?lang=fr&redirect-ssocas=7080</a> |
Pas d'exemplaire disponible.




Réseaux sociaux